000 00641nam a2200253Ia 4500
003 OSt
005 20220912151853.0
006 a|||||r|||| 00| 0
007 ta
008 220909b |||||||| |||| 00| 0 eng d
024 _a21237
037 _cTextual
040 _aCSL
_beng
_cCSL
041 _aeng
082 _aLZ3, K01 TL
100 _aGrollman Arthur
245 0 _aPharmacology and therapeutics
250 _a4
260 _aPhiladelphia
_bLea and febiger
_c1962
300 _a1079p.
_ccm.
650 _aPharmacology
942 _hLZ3, K01 TL
_cTEXL
_2CC
999 _c76522
_d76522